000 00691nam a2200241 i 4500
001 bg
100 1 _aJeruzal, Krzysztof.
245 1 0 _aVisual Basic nie tylko dla wtajemniczonych :
_bdźwięk i grafika /
_cKrzysztof Jeruzal.
260 _aWarszawa :
_b"Mikom",
_c2003.
300 _a121, [1] s. :
_bil. ;
_c24 cm +
_edyskietka.
490 1 _aBP
650 9 _aVisual Basic
655 _aPodręczniki
830 _aBP
020 _a8372793379
040 _cBPK
041 0 _apol
080 _a004.438(07)A/Z
920 _a83-7279-337-9
942 _cKS
008 s pl f |000 0 pol
999 _c43356
_d43356
856 _uhttp://koha.tu.koszalin.pl/cgi-bin/koha/opac-detail.pl?biblionumber=43356
_yKatalog online BPK